Africa or Latin America? Crops and Produce - Statistics

General Stats
  • This quiz has been taken 26 times
  • The average score is 6 of 10
Answer Stats
Question Answer % Correct
Yams Africa
100%
Corn Latin America
100%
Potatoes Latin America
83%
Tobacco Latin America
83%
Watermelon Africa
67%
Papaya Latin America
67%
Coffee Africa
50%
Tamarind Africa
33%
Cocoa Latin America
33%
Cassava Latin America
17%
No matching quizzes found
Score Distribution
Percent of People with Each Score
Percentile by Number Answered
Your Score History
You have not taken this quiz